| 000 | 00409nam a22001577a 4500 | ||
|---|---|---|---|
| 003 | SGT | ||
| 020 | _a978939503965997 | ||
| 082 |
_a615.1072 _bR24V |
||
| 100 | _aVEINTRAMUTHU, SANKAR | ||
| 245 | _aREGULATORY AFFAIRS BASIC PROTOCOLS | ||
| 260 |
_aHYDERABAD _bPHARMA MED PRESS _c2024 |
||
| 300 | _a379 | ||
| 650 | _aREGULATORY AFFAIRS | ||
| 653 | _aREGULATORY, AFFAIRS, BASIC, PROTOCOLS | ||
| 942 |
_2ddc _cBK _01 |
||
| 999 |
_c26953 _d26953 |
||